000 01174nam a2200301 i 4500
001 bg
111 2 _aPowszechny Zjazd Historyków Polskich
_n(15 ;
_d1994 ;
_cGdańsk).
245 0 0 _aPamiętnik XV Powszechnego Zjazdu Historyków Polskich.
_nT. 2,
_pPrzemiany społeczne a model rodziny : materiały sympozjum VI /
_cpod red. Anny Żarnowskiej ; Polskie Towarzystwo Historyczne.
246 3 0 _aPrzemiany społeczne a model rodziny
260 _aGdańsk ;
_aToruń :
_bWydawnictwo Adam Marszałek,
_c1995.
300 _a111 s. :
_btabl. ;
_c24 cm.
611 0 0 _aPowszechny Zjazd Historyków Polskich
_n(15 ;
_d1994 ;
_cGdańsk).
650 4 _aChłopi
_xsytuacja społeczna
_zPolska
_y18-20 w.
650 4 _aKobiety
_xsytuacja społeczna
_xhistoria
_zPolska
650 4 _aRodzina
_xSytuacja społeczna
_xhistoria
_zPolska
655 4 _aMateriały konferencyjne
700 1 _aŻarnowska, Anna
_d(1931-2007).
_eRed.
710 2 _aPolskie Towarzystwo Historyczne.
020 _a8386803010
040 _cBPK
041 0 _apol
044 _aPOL
080 _a316.66
080 _a316.728
920 _a83-86803-01-0
942 _cKS
008 130116s pl a f |000 0 pol
999 _c53810
_d53810
856 _uhttp://koha.tu.koszalin.pl/cgi-bin/koha/opac-detail.pl?biblionumber=53810
_yKatalog online BPK